The business of sports management / (Record no. 170457)

MARC details
000 -LEADER
fixed length control field 00687nam a2200217 4500
005 - DATE AND TIME OF LATEST TRANSACTION
control field 20200124102039.0
010 ## - LCCN (DPL NO)
LC control number ENG-127143
020 ## - INTERNATIONAL STANDARD BOOK NUMBER
International Standard Book Number 9789389552386
Terms of availability 650.00
035 ## - SYSTEM CONTROL NUMBER
System control number EN-110675
037 ## - SOURCE OF ACQUISITION
Source of stock number/acquisition DBAD/PUB
082 ## - DEWEY DECIMAL CLASSIFICATION NUMBER
Classification number 796.069
100 ## - MAIN ENTRY--PERSONAL NAME
Personal name Beech, John
245 ## - TITLE STATEMENT
Title The business of sports management /
Statement of responsibility, etc by John Beech [and] Simon Chadwick
250 ## - EDITION STATEMENT
Edition statement 2nd ed.
260 ## - PUBLICATION, DISTRIBUTION, ETC. (IMPRINT)
Place of publication, distribution, etc Noida
Name of publisher, distributor, etc Pearson India Education
Date of publication, distribution, etc 2020
270 ## - ADDRESS
Address 15th Floor, Tower-b, World Trade Tower, Plot No.-1, Block -C, Sector 16
City Noida
Postal code 201301
300 ## - PHYSICAL DESCRIPTION
Extent xxxiii;592p .
Dimensions 23cm(pbk)
500 ## - GENERAL NOTE
General note Includes index
700 ## - ADDED ENTRY--PERSONAL NAME
Personal name Chadwick, Simon
942 ## - ADDED ENTRY ELEMENTS (KOHA)
Source of classification or shelving scheme Dewey Decimal Classification
Item type English Books
Classification part 796.069
Call number suffix BEE
Holdings
Withdrawn status Lost status Not for loan Collection code Home library Current library Date acquired Source of acquisition Cost, normal purchase price Full call number Barcode Copy number Cost, replacement price Koha item type
      Non-fiction D.B.Act.Division Mobile Library 16/12/2019 DBAD/PUB 650.00 796.069 BEE EN-110675 1 650.00 English Books

© Delhi Public Library
Hit Counter
free hit counter